[Event "Liga Madrileña 2010/2011 - D. Honor"]
[Site "Madrid ESP"]
[Date "2011.03.20"]
[Round "14.14"]
[White "Montañes Arribas, Adrian"]
[Black "Martinez Martin, David"]
[Result "0-1"]
[WhiteElo "2147"]
[BlackElo "2398"]
[PlyCount "66"]
[EventDate "2010.11.21"]
[EventType "team"]
[EventRounds "14"]
[EventCountry "ESP"]
[Source "lmi"]
[SourceDate "2010.11.21"]
[WhiteTeam "Vallecas CDV"]
[BlackTeam "Virgen de Atocha"]
[WhiteTeamCountry "ESP"]
[BlackTeamCountry "ESP"]

1. e4 e6 2. d4 d5 3. Nc3 Nf6 4. Bg5 Bb4 5. e5 h6 6. Bd2 Bxc3 7. bxc3 Ne4 8. Qg4
Kf8 9. Bd3 Nxd2 10. Kxd2 c5 11. h4 Nc6 12. Nf3 c4 13. Be2 b5 14. a3 a5 15. Rhb1
Rb8 16. Qf4 Bd7 17. h5 Kg8 18. g4 Ne7 19. Qe3 Kh7 20. Ng1 Qc7 21. f4 Rb6 22.
Nf3 Rhb8 23. f5 exf5 24. g5 b4 25. axb4 axb4 26. cxb4 Rxb4 27. Rg1 Qb6 28. gxh6
gxh6 29. Ke1 Ba4 30. Qd2 c3 31. Qxc3 Rc8 32. Qe3 Rxc2 33. Bd3 Rb1+ 0-1

[Event "Liga Madrileña 2010/2011 - D. Honor"]
[Site "Madrid ESP"]
[Date "2011.03.20"]
[Round "14.15"]
[White "Rudolf, Anna"]
[Black "Martin Duque, Jesus"]
[Result "0-1"]
[WhiteElo "2347"]
[BlackElo "2115"]
[PlyCount "90"]
[EventDate "2010.11.21"]
[EventType "team"]
[EventRounds "14"]
[EventCountry "ESP"]
[Source "lmi"]
[SourceDate "2010.11.21"]
[WhiteTeam "Virgen de Atocha"]
[BlackTeam "Vallecas CDV"]
[WhiteTeamCountry "ESP"]
[BlackTeamCountry "ESP"]

1. e4 d6 2. d4 Nf6 3. Nc3 g6 4. Nf3 Bg7 5. Be2 O-O 6. O-O c6 7. h3 Nbd7 8. e5
Ne8 9. Bf4 dxe5 10. dxe5 Nc7 11. Qd2 Ne6 12. Bd3 Qa5 13. Rfe1 Qb4 14. Re4 Qb6
15. Bh6 Rd8 16. Bxg7 Nxg7 17. Ng5 Nc5 18. Rh4 h5 19. Qf4 Be6 20. Bc4 Bxc4 21.
Qxc4 Nce6 22. Nxe6 Nxe6 23. b3 Rd2 24. Ne4 Rd5 25. Qc3 Rad8 26. Re1 Rd4 27. Kh1
Ng7 28. Rf4 Ne6 29. Rf3 R8d5 30. Ng3 h4 31. Nf1 Rd1 32. Rfe3 Qd8 33. Kh2 R1d4
34. Re4 Qb6 35. R4e3 Qa6 36. Qb2 Nc5 37. R3e2 Ne6 38. c3 Rd3 39. c4 R5d4 40.
Rd2 Qa5 41. Ree2 Nf4 42. Rxd3 Rxd3 43. Re4 g5 44. Rd4 Qe1 45. Ne3 Ne2 0-1

[Event "Liga Madrileña 2010/2011 - D. Honor"]
[Site "Madrid ESP"]
[Date "2011.03.20"]
[Round "14.16"]
[White "Madurga Lopez, Ignacio"]
[Black "Perez de Aranda Alonso, Leonardo"]
[Result "0-1"]
[WhiteElo "1988"]
[BlackElo "2161"]
[PlyCount "66"]
[EventDate "2010.11.21"]
[EventType "team"]
[EventRounds "14"]
[EventCountry "ESP"]
[Source "lmi"]
[SourceDate "2010.11.21"]
[WhiteTeam "Vallecas CDV"]
[BlackTeam "Virgen de Atocha"]
[WhiteTeamCountry "ESP"]
[BlackTeamCountry "ESP"]

1. e4 d6 2. d4 Nf6 3. Nc3 e5 4. Nf3 Nbd7 5. g4 g6 6. g5 Nh5 7. Bc4 Bg7 8. Be3
O-O 9. Qd2 c6 10. a4 Qa5 11. dxe5 dxe5 12. Ne2 Qc7 13. O-O-O Nb6 14. Bb3 Bg4
15. Ne1 Rfd8 16. Nd3 Bf3 17. Rhf1 Bxe4 18. Bxb6 axb6 19. Qe3 Bd5 20. c4 Be6 21.
Ng3 Nf4 22. Ne4 b5 23. Nf6+ Bxf6 24. gxf6 Rxd3 25. Rxd3 Nxd3+ 26. Qxd3 bxa4 27.
Qe3 Qd8 28. Ba2 Qxf6 29. f4 a3 30. bxa3 exf4 31. Rxf4 Qa1+ 32. Bb1 Qxa3+ 33.
Qxa3 Rxa3 0-1

[Event "Liga Madrileña 2010/2011 - D. Honor"]
[Site "Madrid ESP"]
[Date "2011.03.20"]
[Round "14.21"]
[White "Hernandez Gallardo, Francisco Javier"]
[Black "Candela Perez, Jose"]
[Result "1/2-1/2"]
[WhiteElo "2330"]
[BlackElo "2399"]
[PlyCount "64"]
[EventDate "2010.11.21"]
[EventType "team"]
[EventRounds "14"]
[EventCountry "ESP"]
[Source "lmi"]
[SourceDate "2010.11.21"]
[WhiteTeam "Moratalaz"]
[BlackTeam "Leganes"]
[WhiteTeamCountry "ESP"]
[BlackTeamCountry "ESP"]

1. e4 c5 2. Nf3 e6 3. d4 cxd4 4. Nxd4 Nc6 5. Nc3 Qc7 6. Nxc6 bxc6 7. Bd3 Nf6 8.
O-O Be7 9. f4 d6 10. Kh1 O-O 11. Qf3 Nd7 12. Be3 Rb8 13. Na4 Bf6 14. Rab1 c5
15. c4 Bb7 16. Qh3 Bd4 17. Nc3 Bxc3 18. bxc3 Bc6 19. e5 g6 20. exd6 Qxd6 21.
Rbd1 Qe7 22. Rf2 Qf6 23. f5 exf5 24. Bxf5 gxf5 25. Rxf5 Qxc3 26. Bh6 Qd4 27.
Qh5 Qb2 28. Rg5+ Kh8 29. Bg7+ Qxg7 30. Rxg7 Kxg7 31. Rxd7 Bxd7 32. Qg5+ Kh8
1/2-1/2

[Event "Liga Madrileña 2010/2011 - D. Honor"]
[Site "Madrid ESP"]
[Date "2011.03.20"]
[Round "14.22"]
[White "Reyes Larenas, Juan"]
[Black "Serrano Salvador, Eduardo"]
[Result "1/2-1/2"]
[WhiteElo "2435"]
[BlackElo "2359"]
[PlyCount "117"]
[EventDate "2010.11.21"]
[EventType "team"]
[EventRounds "14"]
[EventCountry "ESP"]
[Source "lmi"]
[SourceDate "2010.11.21"]
[WhiteTeam "Leganes"]
[BlackTeam "Moratalaz"]
[WhiteTeamCountry "ESP"]
[BlackTeamCountry "ESP"]

1. e4 e5 2. Nf3 Nf6 3. d3 d6 4. g3 g6 5. Bg2 Bg7 6. O-O O-O 7. c3 Nbd7 8. Re1
Re8 9. h3 c6 10. Nbd2 d5 11. b4 a5 12. a3 b6 13. Bb2 Bb7 14. Qc2 Qc7 15. c4 d4
16. Rec1 Bf8 17. b5 Nc5 18. a4 Bh6 19. Re1 Bxd2 20. Nxd2 Ne6 21. Qd1 Rac8 22.
Rc1 Qd6 23. Nb1 h5 24. Ba3 c5 25. Nd2 h4 26. Nf1 Kg7 27. Rc2 Rh8 28. Bc1 Rcf8
29. f4 hxg3 30. f5 Nd8 31. Nxg3 Nh5 32. Qg4 Rfg8 33. Nxh5+ Rxh5 34. Rf1 Rgh8
35. Rcf2 Rh4 36. Qg3 R4h5 37. fxg6 Qxg6 38. Qxg6+ fxg6 39. h4 Re8 40. Bg5 Bc8
41. Bxd8 Rxd8 42. Rf7+ Kh6 43. Rf8 Rxf8 44. Rxf8 Bg4 45. Rh8+ Kg7 46. Rb8 g5
47. Rb7+ Kf8 48. Rxb6 gxh4 49. Rg6 Be2 50. b6 Rh7 51. Bf1 Bd1 52. Re6 Rb7 53.
Bh3 Bxa4 54. Rh6 Bd7 55. Bxd7 Rxd7 56. Rc6 Rb7 57. Rxc5 Rxb6 58. Rxa5 Rb3 59.
Rxe5 1/2-1/2

[Event "Liga Madrileña 2010/2011 - D. Honor"]
[Site "Madrid ESP"]
[Date "2011.03.20"]
[Round "14.23"]
[White "Solaesa Navalpotro, Luis Julio"]
[Black "Arribas Lopez, Angel"]
[Result "1/2-1/2"]
[WhiteElo "2251"]
[BlackElo "2439"]
[PlyCount "48"]
[EventDate "2010.11.21"]
[EventType "team"]
[EventRounds "14"]
[EventCountry "ESP"]
[Source "lmi"]
[SourceDate "2010.11.21"]
[WhiteTeam "Moratalaz"]
[BlackTeam "Leganes"]
[WhiteTeamCountry "ESP"]
[BlackTeamCountry "ESP"]

1. d4 d6 2. Nf3 Nf6 3. Bf4 g6 4. e3 Bg7 5. Be2 O-O 6. h3 Nbd7 7. O-O e6 8. c4
Qe7 9. Nc3 a6 10. b4 b6 11. a4 a5 12. bxa5 Rxa5 13. Nd2 Bb7 14. Nb3 Raa8 15. a5
Rfc8 16. Bf3 Bxf3 17. Qxf3 d5 18. Ra4 dxc4 19. Rxc4 bxa5 20. Rxc7 Ne8 21. Rc6
Qa3 22. Rxc8 Rxc8 23. Qb7 Rxc3 24. Qxd7 Rxb3 1/2-1/2

[Event "Liga Madrileña 2010/2011 - D. Honor"]
[Site "Madrid ESP"]
[Date "2011.03.20"]
[Round "14.24"]
[White "Taboas Rodriguez, Daniel"]
[Black "Fraga Castro, Jose Carlos"]
[Result "1-0"]
[WhiteElo "2366"]
[BlackElo "2212"]
[PlyCount "71"]
[EventDate "2010.11.21"]
[EventType "team"]
[EventRounds "14"]
[EventCountry "ESP"]
[Source "lmi"]
[SourceDate "2010.11.21"]
[WhiteTeam "Leganes"]
[BlackTeam "Moratalaz"]
[WhiteTeamCountry "ESP"]
[BlackTeamCountry "ESP"]

1. d4 d6 2. Nf3 f5 3. Nc3 Nf6 4. Bg5 e6 5. e4 fxe4 6. Nxe4 Be7 7. Qe2 O-O 8.
O-O-O Nc6 9. h4 Kh8 10. Nxf6 Bxf6 11. Qe4 d5 12. Qe3 Bd7 13. Bd3 Nb4 14. a3
Nxd3+ 15. Rxd3 b6 16. Ne5 Bb5 17. Rd2 Rc8 18. f4 c5 19. h5 Kg8 20. Nf3 Qd6 21.
h6 g6 22. Re1 Bd7 23. Bxf6 Rxf6 24. Ne5 Bb5 25. g3 Re8 26. dxc5 bxc5 27. c4 Ba6
28. Ng4 Rff8 29. cxd5 exd5 30. Qxe8 Rxe8 31. Rxe8+ Kf7 32. Rh8 d4 33. Rxh7+ Ke6
34. Rxa7 Qc6 35. h7 Qh1+ 36. Rd1 1-0

[Event "Liga Madrileña 2010/2011 - D. Honor"]
[Site "Madrid ESP"]
[Date "2011.03.20"]
[Round "14.25"]
[White "Barragan Panal, Juan Jose"]
[Black "Prieto Martin, Alfonso"]
[Result "0-1"]
[WhiteElo "1688"]
[BlackElo "2173"]
[PlyCount "90"]
[EventDate "2010.11.21"]
[EventType "team"]
[EventRounds "14"]
[EventCountry "ESP"]
[Source "lmi"]
[SourceDate "2010.11.21"]
[WhiteTeam "Moratalaz"]
[BlackTeam "Leganes"]
[WhiteTeamCountry "ESP"]
[BlackTeamCountry "ESP"]

1. Nf3 c5 2. g3 d5 3. d4 cxd4 4. Qxd4 Nc6 5. Qa4 e6 6. Bg2 Nf6 7. O-O Bd7 8. c3
Bc5 9. Bg5 h6 10. Bxf6 Qxf6 11. Qc2 Rc8 12. a3 a5 13. e3 O-O 14. Qe2 e5 15.
Nbd2 Bg4 16. Qb5 b6 17. b4 e4 18. Nd4 Na7 19. Qa4 Bxd4 20. cxd4 Qc6 21. Qxc6
Nxc6 22. b5 Na7 23. a4 Rc2 24. f3 Be6 25. Rf2 exf3 26. Nxf3 Rfc8 27. Ra2 Rc1+
28. Rf1 R1c3 29. Re1 R8c7 30. Kf2 Nc8 31. Ree2 Nd6 32. Ne5 f6 33. Nc6 Ne4+ 34.
Bxe4 dxe4 35. Rac2 Rxc2 36. Rxc2 Bb3 37. Rb2 Bxa4 38. Nb8 Rc2+ 39. Rxc2 Bxc2
40. Nd7 a4 41. Nxb6 a3 42. Nc4 a2 43. b6 a1=Q 44. b7 Qa7 45. Nd6 Qb6 0-1

[Event "Liga Madrileña 2010/2011 - D. Honor"]
[Site "Madrid ESP"]
[Date "2011.03.20"]
[Round "14.26"]
[White "Pedrajas Estepa, Manuel"]
[Black "Hernanz Villoslada, Javier"]
[Result "1/2-1/2"]
[WhiteElo "2097"]
[BlackElo "1669"]
[PlyCount "40"]
[EventDate "2010.11.21"]
[EventType "team"]
[EventRounds "14"]
[EventCountry "ESP"]
[Source "lmi"]
[SourceDate "2010.11.21"]
[WhiteTeam "Leganes"]
[BlackTeam "Moratalaz"]
[WhiteTeamCountry "ESP"]
[BlackTeamCountry "ESP"]

1. e4 e5 2. Nf3 Nf6 3. d4 Nxe4 4. Bd3 d5 5. Nxe5 Nd7 6. Nxd7 Bxd7 7. O-O Bd6 8.
c4 c6 9. Nc3 Be6 10. cxd5 cxd5 11. Bxe4 dxe4 12. Nxe4 Bxh2+ 13. Kxh2 Qh4+ 14.
Kg1 Qxe4 15. Re1 Qd5 16. Re5 Qd7 17. Be3 O-O 18. a3 Rad8 19. Rc5 Bd5 20. Qh5 b6
1/2-1/2

[Event "Liga Madrileña 2010/2011 - D. Honor"]
[Site "Madrid ESP"]
[Date "2011.03.20"]
[Round "14.31"]
[White "Adan Bermudez, Sergio"]
[Black "Gallego Jimenez, Victoriano"]
[Result "1-0"]
[WhiteElo "2264"]
[BlackElo "2398"]
[PlyCount "93"]
[EventDate "2010.11.21"]
[EventType "team"]
[EventRounds "14"]
[EventCountry "ESP"]
[Source "lmi"]
[SourceDate "2010.11.21"]
[WhiteTeam "Pueblo Nuevo"]
[BlackTeam "La Casa del Ajedrez"]
[WhiteTeamCountry "ESP"]
[BlackTeamCountry "ESP"]

1. c4 b6 2. Nc3 Bb7 3. e4 e6 4. Nf3 Bb4 5. Qb3 Bxc3 6. Qxc3 Bxe4 7. Qxg7 Qf6 8.
Qxf6 Nxf6 9. Be2 Rg8 10. d3 Bb7 11. Rg1 d6 12. Bg5 Nbd7 13. h4 O-O-O 14. Nd2 h6
15. Bxh6 Rxg2 16. Rxg2 Bxg2 17. f3 Rh8 18. Bg5 Bh3 19. Kf2 Bf5 20. Ne4 Nh5 21.
Ng3 Nxg3 22. Kxg3 f6 23. Be3 Kd8 24. Rh1 Bg6 25. d4 Ke7 26. b4 Kf7 27. c5 bxc5
28. dxc5 d5 29. c6 Nb6 30. Bxb6 axb6 31. a4 Ra8 32. Ra1 Ke7 33. f4 Kd6 34. h5
Be4 35. a5 bxa5 36. bxa5 Kxc6 37. a6 Kd6 38. Bg4 Ra7 39. h6 c5 40. f5 exf5 41.
Bf3 Kc6 42. Bxe4 fxe4 43. h7 Ra8 44. a7 d4 45. Rh1 Rh8 46. Rb1 d3 47. Rb8 1-0

[Event "Liga Madrileña 2010/2011 - D. Honor"]
[Site "Madrid ESP"]
[Date "2011.03.20"]
[Round "14.32"]
[White "Bass, Leonid"]
[Black "Barez Menendez, Hector"]
[Result "1/2-1/2"]
[WhiteElo "2415"]
[BlackElo "2168"]
[PlyCount "23"]
[EventDate "2010.11.21"]
[EventType "team"]
[EventRounds "14"]
[EventCountry "ESP"]
[Source "lmi"]
[SourceDate "2010.11.21"]
[WhiteTeam "La Casa del Ajedrez"]
[BlackTeam "Pueblo Nuevo"]
[WhiteTeamCountry "ESP"]
[BlackTeamCountry "ESP"]

1. d4 d5 2. c4 e6 3. Nc3 Nf6 4. Nf3 Nbd7 5. Bf4 dxc4 6. e4 Bb4 7. Qc2 b5 8. Nd2
c6 9. Be2 Nb6 10. Be3 O-O 11. O-O a5 12. Rad1 1/2-1/2

[Event "Liga Madrileña 2010/2011 - D. Honor"]
[Site "Madrid ESP"]
[Date "2011.03.20"]
[Round "14.33"]
[White "Baigorri Navarro, Francisco Javier"]
[Black "Rojo Huerta, Gabriel"]
[Result "1/2-1/2"]
[WhiteElo "2149"]
[BlackElo "2375"]
[PlyCount "32"]
[EventDate "2010.11.21"]
[EventType "team"]
[EventRounds "14"]
[EventCountry "ESP"]
[Source "lmi"]
[SourceDate "2010.11.21"]
[WhiteTeam "Pueblo Nuevo"]
[BlackTeam "La Casa del Ajedrez"]
[WhiteTeamCountry "ESP"]
[BlackTeamCountry "ESP"]

1. d4 Nf6 2. c4 g6 3. Nc3 d5 4. Nf3 Bg7 5. g3 dxc4 6. Qa4+ Nc6 7. Bg2 O-O 8.
Qxc4 Be6 9. Qa4 Nd5 10. O-O Nb6 11. Qd1 Nxd4 12. Nxd4 Qxd4 13. Bxb7 Rab8 14.
Qxd4 Bxd4 15. Ba6 Nc4 16. Nb5 Bxb2 1/2-1/2

[Event "Liga Madrileña 2010/2011 - D. Honor"]
[Site "Madrid ESP"]
[Date "2011.03.20"]
[Round "14.34"]
[White "Elguezabal Varela, Daniel"]
[Black "Nieto de la Cruz, Julio"]
[Result "1-0"]
[WhiteElo "2357"]
[BlackElo "2135"]
[PlyCount "115"]
[EventDate "2010.11.21"]
[EventType "team"]
[EventRounds "14"]
[EventCountry "ESP"]
[Source "lmi"]
[SourceDate "2010.11.21"]
[WhiteTeam "La Casa del Ajedrez"]
[BlackTeam "Pueblo Nuevo"]
[WhiteTeamCountry "ESP"]
[BlackTeamCountry "ESP"]

1. Nf3 Nf6 2. c4 g6 3. Nc3 Bg7 4. g3 O-O 5. Bg2 d6 6. O-O Nbd7 7. d3 e5 8. Rb1
Nh5 9. b4 c6 10. b5 Nc5 11. Nd2 Bd7 12. Ba3 f5 13. bxc6 Bxc6 14. Nd5 Rf7 15.
Nb3 Bf8 16. Qd2 Rb8 17. Qe3 Na4 18. Qd2 Ng7 19. Rfe1 Ne6 20. e3 h5 21. d4 e4
22. Nf4 Nxf4 23. exf4 h4 24. d5 Be8 25. Nd4 Bh6 26. Ne6 Qe7 27. Qb4 Rc8 28.
Qxd6 Qxd6 29. Bxd6 Rd7 30. Ba3 Nb6 31. Bf1 Bf7 32. Nc5 Rdc7 33. d6 Rc6 34. Nxb7
Nd7 35. c5 Bxa2 36. Ra1 Bd5 37. Na5 hxg3 38. hxg3 Bg7 39. Nxc6 Bxc6 40. Rab1
Bd4 41. Bb4 e3 42. Ba6 exf2+ 43. Kf1 Re8 44. Red1 Be3 45. Ba3 Nf6 46. Bb7 Ba4
47. c6 Bb6 48. d7 Rd8 49. Rxb6 Ng4 50. c7 Ne3+ 51. Kxf2 Nxd1+ 52. Ke1 Rxd7 53.
c8=Q+ Kg7 54. Rd6 Re7+ 55. Kd2 Ne3 56. Rd8 Nf1+ 57. Kc3 Re3+ 58. Kd4 1-0

[Event "Liga Madrileña 2010/2011 - D. Honor"]
[Site "Madrid ESP"]
[Date "2011.03.20"]
[Round "14.35"]
[White "Fernandez Lledo, Javier"]
[Black "Suarez Uriel, Adrian"]
[Result "1/2-1/2"]
[WhiteElo "2138"]
[BlackElo "2215"]
[PlyCount "126"]
[EventDate "2010.11.21"]
[EventType "team"]
[EventRounds "14"]
[EventCountry "ESP"]
[Source "lmi"]
[SourceDate "2010.11.21"]
[WhiteTeam "Pueblo Nuevo"]
[BlackTeam "La Casa del Ajedrez"]
[WhiteTeamCountry "ESP"]
[BlackTeamCountry "ESP"]

1. Nf3 g6 2. g3 Bg7 3. Bg2 Nf6 4. O-O d5 5. d4 c6 6. b3 O-O 7. Bb2 Ne4 8. Nbd2
f5 9. c4 Be6 10. e3 Kh8 11. Qc2 Nd7 12. Rac1 Rc8 13. a3 Bg8 14. Rfd1 Nd6 15.
Ne5 dxc4 16. Ndxc4 Bd5 17. Nxd6 exd6 18. Bxd5 dxe5 19. Be6 e4 20. d5 c5 21. b4
b6 22. Bxg7+ Kxg7 23. Qa4 Rc7 24. d6 Rb7 25. Qa6 Qc8 26. Bd5 Rb8 27. Qxa7 Kh8
28. Qc7 Rf6 29. bxc5 Nxc5 30. Qe7 Qf8 31. Bc4 Rb7 32. Qxf8+ Rxf8 33. Rb1 Rd8
34. Rd5 Rbb8 35. Kg2 Kg7 36. Rb4 Kf6 37. a4 Nd7 38. Rbb5 Rbc8 39. Bb3 Rc6 40.
Ba2 Nf8 41. g4 fxg4 42. Kg3 h5 43. Bb1 Rdxd6 44. Bxe4 Rxd5 45. Bxd5 Rd6 46. e4
Nd7 47. h3 Ne5 48. hxg4 hxg4 49. Kf4 Nd3+ 50. Ke3 Ne5 51. Kf4 g5+ 52. Kg3 Ke7
53. a5 bxa5 54. Rxa5 Rf6 55. Ra7+ Kf8 56. Ra8+ Ke7 57. Ra7+ Kd8 58. Ra8+ Kc7
59. Ra7+ Kb6 60. Rg7 Rf3+ 61. Kg2 Nd3 62. Rxg5 Nf4+ 63. Kf1 Rxf2+ 1/2-1/2

[Event "Liga Madrileña 2010/2011 - D. Honor"]
[Site "Madrid ESP"]
[Date "2011.03.20"]
[Round "14.36"]
[White "Rodriguez de Castro, Ayar"]
[Black "Rodrigo Yanguas, Maria"]
[Result "0-1"]
[WhiteElo "2100"]
[BlackElo "2070"]
[PlyCount "114"]
[EventDate "2010.11.21"]
[EventType "team"]
[EventRounds "14"]
[EventCountry "ESP"]
[Source "lmi"]
[SourceDate "2010.11.21"]
[WhiteTeam "La Casa del Ajedrez"]
[BlackTeam "Pueblo Nuevo"]
[WhiteTeamCountry "ESP"]
[BlackTeamCountry "ESP"]

1. d4 d5 2. c4 Nc6 3. e3 e5 4. cxd5 Qxd5 5. Nc3 Bb4 6. Bd2 Bxc3 7. bxc3 Nf6 8.
Qb3 Qxb3 9. axb3 exd4 10. cxd4 O-O 11. Nf3 Bf5 12. Bb5 Be4 13. O-O a6 14. Bc4
h6 15. Rfc1 Nd5 16. Ne1 Nb6 17. Be2 Bd5 18. Rab1 Rfe8 19. Bd3 Be6 20. f3 f5 21.
Nc2 Rad8 22. Nb4 Nxb4 23. Bxb4 f4 24. exf4 Rxd4 25. Bg6 Red8 26. Be7 R8d7 27.
Bc5 Rd2 28. f5 Bf7 29. Be3 R2d3 30. Bxb6 cxb6 31. Rc8+ Rd8 32. Rbc1 Bxg6 33.
fxg6 Kf8 34. R1c7 Rxc8 35. Rxc8+ Ke7 36. Rc7+ Rd7 37. Rc3 Kf6 38. Re3 b5 39.
Kf2 Kxg6 40. f4 Kf6 41. g4 b4 42. h4 b5 43. Re4 a5 44. Re5 Rb7 45. g5+ hxg5 46.
hxg5+ Kf7 47. f5 a4 48. Rd5 a3 49. Rd2 Rc7 50. Ra2 Rc5 51. f6 gxf6 52. gxf6
Kxf6 53. Ke3 Rc3+ 54. Kd4 Rxb3 55. Kc5 Rb2 56. Ra1 a2 57. Kxb5 b3 0-1

[Event "Liga Madrileña 2010/2011 - D. Honor"]
[Site "Madrid ESP"]
[Date "2011.03.20"]
[Round "14.41"]
[White "Vazquez Igarza, Renier"]
[Black "Valles Moreno, Ivan"]
[Result "1/2-1/2"]
[WhiteElo "2558"]
[BlackElo "2366"]
[PlyCount "29"]
[EventDate "2010.11.21"]
[EventType "team"]
[EventRounds "14"]
[EventCountry "ESP"]
[Source "lmi"]
[SourceDate "2010.11.21"]
[WhiteTeam "Collado Villalba"]
[BlackTeam "Amigos del Retiro"]
[WhiteTeamCountry "ESP"]
[BlackTeamCountry "ESP"]

1. d4 d5 2. Nf3 Nf6 3. c4 c6 4. Nc3 dxc4 5. a4 Bf5 6. Ne5 Na6 7. f3 Nd7 8. Nxd7
Bxd7 9. e4 e5 10. Bxc4 exd4 11. Qxd4 Nb4 12. Ke2 Qe7 13. Rb1 Be6 14. Rd1 Nc2
15. Qd3 1/2-1/2

[Event "Liga Madrileña 2010/2011 - D. Honor"]
[Site "Madrid ESP"]
[Date "2011.03.20"]
[Round "14.42"]
[White "Vallejo Diaz, Javier"]
[Black "Moreno Ruiz, Javier"]
[Result "1/2-1/2"]
[WhiteElo "2350"]
[BlackElo "2527"]
[PlyCount "155"]
[EventDate "2010.11.21"]
[EventType "team"]
[EventRounds "14"]
[EventCountry "ESP"]
[Source "lmi"]
[SourceDate "2010.11.21"]
[WhiteTeam "Amigos del Retiro"]
[BlackTeam "Collado Villalba"]
[WhiteTeamCountry "ESP"]
[BlackTeamCountry "ESP"]

1. e4 e6 2. d4 d5 3. Nd2 Be7 4. Ngf3 Nf6 5. Bd3 c5 6. c3 cxd4 7. Nxd4 Nc6 8.
N4f3 dxe4 9. Nxe4 Nxe4 10. Bxe4 Qxd1+ 11. Kxd1 Bd7 12. Be3 f5 13. Bxc6 Bxc6 14.
Kc2 e5 15. Nxe5 Bxg2 16. Rhe1 O-O 17. Rad1 f4 18. Bd4 Bh4 19. Rg1 Be4+ 20. Kc1
g6 21. Ng4 h5 22. Ne5 Kh7 23. Rde1 Bf5 24. Nf3 Bd8 25. Bc5 Rg8 26. Be7 Bb6 27.
Bf6 Rge8 28. Nd4 Bg4 29. Be5 f3 30. Kd2 Re7 31. Bf6 Rf7 32. Be5 Re8 33. Re3 Bd8
34. Ree1 Bg5+ 35. Kd1 Rfe7 36. Bd6 Rxe1+ 37. Rxe1 Rxe1+ 38. Kxe1 Kg7 39. h3
Bxh3 40. Nxf3 Bc1 41. Kd1 Bh6 42. Ke1 Kf6 43. Nd4 Bd7 44. f3 h4 45. Kf2 Bc1 46.
b3 Bd2 47. c4 g5 48. Ne2 Bf5 49. Bc5 a6 50. Bd4+ Kg6 51. a3 Bd3 52. Bc3 Bxc3
53. Nxc3 Kf5 54. Na4 Bc2 55. Nc5 g4 56. fxg4+ Kxg4 57. Kg2 Bf5 58. b4 Kf4 59.
Kh2 Bc8 60. b5 a5 61. Na4 Ke5 62. Nb6 Bg4 63. c5 Kd4 64. c6 bxc6 65. bxc6 Kc5
66. Nd7+ Kb5 67. Ne5 Bf5 68. Nf3 Bc8 69. c7 Ka4 70. Nxh4 Kxa3 71. Nf3 a4 72.
Nd4 Kb4 73. Nc2+ Kc5 74. Kg3 Kd6 75. Kf4 Kxc7 76. Ke4 Kc6 77. Kd4 Kb5 78. Kc3
1/2-1/2

[Event "Liga Madrileña 2010/2011 - D. Honor"]
[Site "Madrid ESP"]
[Date "2011.03.20"]
[Round "14.43"]
[White "Ortiz Herranz, Eleazar"]
[Black "Perez Gonzalez, Jose Manuel"]
[Result "1/2-1/2"]
[WhiteElo "2243"]
[BlackElo "2281"]
[PlyCount "58"]
[EventDate "2010.11.21"]
[EventType "team"]
[EventRounds "14"]
[EventCountry "ESP"]
[Source "lmi"]
[SourceDate "2010.11.21"]
[WhiteTeam "Collado Villalba"]
[BlackTeam "Amigos del Retiro"]
[WhiteTeamCountry "ESP"]
[BlackTeamCountry "ESP"]

1. e4 c5 2. Nf3 d6 3. Bc4 Nc6 4. h3 Nf6 5. Qe2 e6 6. Bb3 Be7 7. O-O O-O 8. c3
b6 9. d4 cxd4 10. cxd4 Nb4 11. Rd1 Ba6 12. Qe3 Rc8 13. Nc3 Bc4 14. Bxc4 Rxc4
15. a3 Nc2 16. Qd3 Rxc3 17. bxc3 Nxa1 18. Nd2 Qd7 19. Bb2 Nb3 20. Nxb3 Qa4 21.
c4 Rc8 22. e5 Ne8 23. Rc1 dxe5 24. dxe5 Rd8 25. Qf3 Qd7 26. Nd4 Bc5 27. Nb3 Be7
28. Nd4 Bc5 29. Nb3 Be7 1/2-1/2

[Event "Liga Madrileña 2010/2011 - D. Honor"]
[Site "Madrid ESP"]
[Date "2011.03.20"]
[Round "14.44"]
[White "Fernandez Garcia, Miguel Angel"]
[Black "Cao Armillas, Jesus"]
[Result "1-0"]
[WhiteElo "2304"]
[BlackElo "2189"]
[PlyCount "143"]
[EventDate "2010.11.21"]
[EventType "team"]
[EventRounds "14"]
[EventCountry "ESP"]
[Source "lmi"]
[SourceDate "2010.11.21"]
[WhiteTeam "Amigos del Retiro"]
[BlackTeam "Collado Villalba"]
[WhiteTeamCountry "ESP"]
[BlackTeamCountry "ESP"]

1. d4 Nf6 2. c4 d6 3. Nf3 g6 4. Bf4 Bg7 5. e3 Nh5 6. Bg5 h6 7. Bh4 g5 8. Bg3
Nxg3 9. hxg3 c5 10. Qd2 Nc6 11. d5 Ne5 12. Nh2 Qb6 13. Nc3 Qb4 14. Nb5 Qxd2+
15. Kxd2 Kd8 16. f4 Ng4 17. Nxg4 Bxg4 18. Nc3 Kd7 19. Rc1 e6 20. b3 Rae8 21.
Bd3 Bxc3+ 22. Rxc3 e5 23. Rcc1 e4 24. Be2 Bxe2 25. Kxe2 gxf4 26. gxf4 Reg8 27.
Kf2 Rg6 28. g3 Ke7 29. Rh5 Rhg8 30. Rg1 R8g7 31. Rg2 Rg8 32. Rg1 R8g7 33. Rh3
Rg8 34. Rgh1 R8g7 35. a3 Rg8 36. Rb1 Rc8 37. Rh4 f5 38. Rbh1 Rh8 39. g4 fxg4
40. Kg3 Rh7 41. f5 Rf6 42. Kf4 Rhf7 43. Rh5 g3 44. Rg1 Rg7 45. Rxg3 Rxg3 46.
Kxg3 Kf7 47. Kf4 Kg7 48. Kxe4 Rf7 49. Kf4 a6 50. e4 b5 51. e5 bxc4 52. bxc4 Rd7
53. e6 Rb7 54. Rh3 Rb1 55. Rg3+ Kf8 56. f6 Rf1+ 57. Rf3 Rc1 58. Kf5 Rg1 59. Rb3
Rf1+ 60. Kg6 Rg1+ 61. Kxh6 Rh1+ 62. Kg5 Rg1+ 63. Kf4 Rf1+ 64. Rf3 Rc1 65. Kf5
Rg1 66. Rf4 Rg3 67. Rg4 Rf3+ 68. Kg5 Rf1 69. f7 Re1 70. Rh4 Rg1+ 71. Kf5 Rf1+
72. Ke4 1-0

[Event "Liga Madrileña 2010/2011 - D. Honor"]
[Site "Madrid ESP"]
[Date "2011.03.20"]
[Round "14.45"]
[White "Bote Alvarez-Carrasco, Valentin"]
[Black "Paredes Sanchez, Juan"]
[Result "0-1"]
[WhiteElo "2183"]
[BlackElo "2172"]
[PlyCount "92"]
[EventDate "2010.11.21"]
[EventType "team"]
[EventRounds "14"]
[EventCountry "ESP"]
[Source "lmi"]
[SourceDate "2010.11.21"]
[WhiteTeam "Collado Villalba"]
[BlackTeam "Amigos del Retiro"]
[WhiteTeamCountry "ESP"]
[BlackTeamCountry "ESP"]

1. Nf3 Nf6 2. c4 g6 3. Nc3 Bg7 4. e4 d6 5. d4 O-O 6. Be2 e5 7. d5 a5 8. Bg5 h6
9. Bh4 Na6 10. Nd2 Bd7 11. O-O Nc5 12. Kh1 Qe8 13. g4 c6 14. f3 cxd5 15. cxd5
b5 16. a3 a4 17. Qc2 Rc8 18. Rac1 Nh7 19. b4 axb3 20. Nxb3 f5 21. Nxc5 Rxc5 22.
Bf2 Rc8 23. Qd3 Ng5 24. Be3 fxe4 25. Nxe4 Rxc1 26. Bxc1 Nxe4 27. Qxe4 Rf6 28.
Kg2 Qa8 29. Rd1 Be8 30. Qb4 Bf7 31. Qxb5 g5 32. Qc4 Bg6 33. a4 e4 34. fxe4 Qe8
35. Bf3 Qf8 36. Rf1 Rf7 37. Be2 Be5 38. Rxf7 Qxf7 39. Be3 Kh7 40. a5 h5 41. a6
Bf4 42. Bb6 Qe8 43. Bd3 Kh6 44. a7 Qd7 45. Be2 Qe8 46. Qc6 Bxe4+ 0-1